Culture Générale - Série 410 - Statistiques

Statistiques générales
  • Ce quiz a été pris 465 fois
  • Le résultat moyen est 8 sur 10
Statistiques - réponses
Question Réponse % Correct
Michael Jackson était surnommé le "Roi de la... Pop
96%
Quelle est la capitale du Panama ? Panama
90%
Quel est le féminin de l'adjectif "oblong" ? Oblongue
83%
En 2009, quel tennisman a remporté le tournoi simple messieurs de Roland-Garros ? Roger Federer
75%
Complétez le titre d'une des aventures de Harry Potter : "Harry Potter et l'ordre du... Phénix
74%
Quel est le résultat de l'addition des chiffres romains M plus D ? 1500
71%
Quel est le participe présent du verbe résoudre ? Résolvant
71%
En 1984, avec qui Peter interprète-t-il la chanson "Besoin de rien, envie de toi" ? Sloane
70%
Qui était le chanteur du groupe The Police ? Sting
70%
Quelle chanson de Luis Mariano commence par ces paroles : "On a chanté les Parisiennes, leurs petits nez et leurs chapeaux." ? Mexico
54%
Aucun quiz correspondant
Distribution des résultats
% des personnes avec chaque résultat
Percentile par nombre de réponses
Votre historique - résultats
Vous n’avez pas pris ce quiz